Biografía de un regimiento Mambí (Record no. 145263)
[ view plain ]
| 000 -LEADER | |
|---|---|
| campo de control de longitud fija | 00795nam a2200193 4500 |
| 001 - NÚMERO DE CONTROL | |
| campo de control | 145263 |
| 003 - IDENTIFICADOR DE NÚMERO DE CONTROL | |
| campo de control | ES-MaACL |
| 005 - FECHA Y HORA DE LA ÚLTIMA TRANSACCIÓN | |
| campo de control | 20230906201210.0 |
| 007 - CAMPO FIJO DE DESCRIPCIÓN FÍSICA--INFORMACIÓN GENERAL | |
| campo de control de longitud fija | t| |
| 008 - DATOS DE LONGITUD FIJA--INFORMACIÓN GENERAL | |
| campo de control de longitud fija | 070214s1939 cu r ||||1| spa d |
| 100 1# - ENTRADA PRINCIPAL--NOMBRE DE PERSONA | |
| Nombre de persona | Souza y Rodríguez, Benigno. |
| 9 (RLIN) | 107610 |
| 245 10 - MENCIÓN DEL TÍTULO | |
| Título | Biografía de un regimiento Mambí |
| Resto del título | : el regimiento Calixto Garcia / |
| Mención de responsabilidad, etc. | discursos leídos en la recepción pública del Dr. Benigno Souza la noche del 29 de Junio de 1939 ; contesta Emeterio S. Santovenia y Echaide. |
| 260 ## - PUBLICACIÓN, DISTRIBUCIÓN, ETC. | |
| Lugar de publicación, distribución, etc. | La Habana : |
| Nombre del editor, distribuidor, etc. | [s. n.], |
| Fecha de publicación, distribución, etc. | 1939 ( |
| Fabricante | Imp. El Siglo XX) |
| 300 ## - DESCRIPCIÓN FÍSICA | |
| Extensión | 165 p. ; |
| Dimensiones | 25 cm. |
| 500 ## - NOTA GENERAL | |
| Nota general | Precede al tít.: Academia de la Historia de Cuba. |
| 700 1# - ENTRADA AGREGADA--NOMBRE PERSONAL | |
| Nombre de persona | Santovenia, Emeterio S. |
| 9 (RLIN) | 103543 |
| 710 2# - ENTRADA AGREGADA--NOMBRE DE ENTIDAD CORPORATIVA | |
| Nombre de entidad corporativa o nombre de jurisdicción como elemento de entrada | Academia de la Historia de Cuba. |
| 9 (RLIN) | 1183 |
| 852 ## - LOCALIZACIÓN | |
| Ubicación | ES-MaACL |
| Número de control de estantería | 1835-F-16 |
| Sublocalización o colección | R.18537 |
| Estatus retirado | Estado de pérdida | Estado de daño | No para préstamo | Colección | Biblioteca de origen | Biblioteca actual | Ubicación en estantería | Fecha de adquisición | Fuente de adquisición | Total de préstamos | Signatura topográfica completa | Código de barras | Visto por última vez | Precio de reemplazo | Tipo de ítem Koha |
|---|---|---|---|---|---|---|---|---|---|---|---|---|---|---|---|
| Colección de folletos | Biblioteca del Ateneo de Madrid | Biblioteca del Ateneo de Madrid | Depósito folletos | 17/01/2008 | 1835-F-16 | 1151634 | 23/02/2023 | 23/02/2023 | Folleto |
